Poskytovanie štátnej pomoci v súvislosti s ochorením COVID-19 na Slovensku
Ekonomické opatrenia na zmiernenie ekonomických dopadov pre podniky v čase nákazy COVID-19. Analýzu pravidiel politiky štátnej pomoci. Definícia pojmu podnik a štátna pomoc ako ekonomický nástroj.
Gespeichert in:
| 1. Verfasser: | |
|---|---|
| Format: | Buchkapitel |
| Sprache: | Slowakisch |
| Schlagworte: | |
| Tags: |
Keine Tags, Fügen Sie das erste Tag hinzu!
|
MARC
| LEADER | 00000naa a2200000 4500 | ||
|---|---|---|---|
| 001 | 0272157 | ||
| 005 | 20210223115342.9 | ||
| 041 | 0 | |a slo | |
| 044 | |a SK | ||
| 245 | 1 | 0 | |a Poskytovanie štátnej pomoci v súvislosti s ochorením COVID-19 na Slovensku |c Peter Nováček |
| 520 | |a Ekonomické opatrenia na zmiernenie ekonomických dopadov pre podniky v čase nákazy COVID-19. Analýzu pravidiel politiky štátnej pomoci. Definícia pojmu podnik a štátna pomoc ako ekonomický nástroj. | ||
| 610 | 2 | 0 | |a podnik |
| 610 | 2 | 0 | |a pomoc štátna |
| 610 | 2 | 0 | |a investície |
| 610 | 2 | 0 | |a diskriminácia |
| 610 | 2 | 0 | |a koronavírus |
| 610 | 2 | 0 | |a pandémia |
| 610 | 2 | 0 | |a Slovensko |
| 100 | 1 | |a Nováček, Peter | |